US Presidents' States of Birth - Statistics

General Stats
  • This quiz has been taken 101 times
  • The average score is 20 of 21
Answers on the Map
Answers color-coded by a green-red scale on the quiz's map according to % correct below.
 
Answer Stats
# State % Correct
1 California
100%
2 Texas
100%
5 New York
99%
7 Ohio
99%
2 Vermont
99%
8 Virginia
96%
4 Massachusetts
95%
1 New Jersey
95%
2 North Carolina
95%
2 Pennsylvania
95%
1 Georgia
94%
1 Illinois
93%
1 Connecticut
91%
1 Hawaii
91%
1 Kentucky
89%
1 South Carolina
89%
1 Arkansas
88%
1 Iowa
87%
1 New Hampshire
87%
1 Missouri
85%
1 Nebraska
85%
No matching quizzes found
Score Distribution
Percent of People with Each Score
Percentile by Number Answered
Your Score History
You have not taken this quiz